000 00465nam a2200181Ia 4500
003 GCL
008 140319s9999 xx 000 0 eng d
040 _aGCL /
_cGCL
082 0 4 _a325.3
_bM M
100 1 _aMELOT, MICHEL
245 1 0 _aMIROIRS DU COLONIALISME /
_cMELOT, MICHEL
260 _a[S.N] :
_bMINISTERE DE LA CULTURE ،
_c1997
300 _a174 P
650 0 4 _aCOLONIES
650 0 4 _aCOLONIZATION
650 0 4 _aAFRICA - COLONIZATION
942 _2ddc
_cBK
999 _c16223
_d16223